| 000 | 02637nam a22002897a 4500 | ||
|---|---|---|---|
| 999 |
_c60555 _d60555 |
||
| 003 | Ge_BSU | ||
| 005 | 20230822165657.0 | ||
| 008 | 230822s2013 ge ||||| |||| 00| 0 geo d | ||
| 020 | _a9789941931178 | ||
| 041 | _ageo | ||
| 080 | _a930(479.22)(092 თაყაიშვილი, ე.) ე-90 | ||
| 245 |
_aექვთიმე : _bსაქართველოს მეჭურჭლეთუხუცესი = Keeper of the treasure, 150 / _c[სარედ. საბჭო : დ. ლორთქიფანიძე, გ. კალანდია, ბ. კუდავა და სხვ. ; ქართ. ტექსტის რედ. ნინო ნადარაია ; თარგმნ. : თამარ ჯანაშია ; ინგლ ტექსტის რედ. : ქეროლ ნევესი ; ფოტ. : მირიან კილაძე ; დიზ. : ნინო ანდრიაშვილი]. |
||
| 264 |
_aთბილისი : _b"სეზანი", _c 2013. |
||
| 300 |
_a219 გვ. : _b ილ.; _c31 სმ. |
||
| 500 | _aპროექტი განხორიელდა unesco-ს 2012-2013 წლების "მონაწილეობის პროგრამის" ფარგლებში. | ||
| 501 | _aტექსტი პარალ. ინგლ. | ||
| 653 | _aთაყაიშვილი, ექვთიმე, ისტორიკოსი, 1863-1953 | | ||
| 653 | _aქართველი ისტორიკოსები | ||
| 653 | _a ქართველი ისტორიკოსი | ||
| 700 |
_a ქართველიშვილი, თეა _eავტორ-შემდგენელი _919697 |
||
| 700 |
_a მიქელაძე, მერაბ _eავტორ-შემდგენელი _919698 |
||
| 700 |
_aსანადირაძე, ნინო _eავტორ-შემდგენელი _919699 |
||
| 700 |
_aკალანდია, გიორგი _eავტორ-შემდგენელი _919700 |
||
| 700 |
_aლორთქიფანიძე, დ. _eრედაქტორი _919701 |
||
| 710 |
_aსაქართველოს კულტურისა და ძეგლთა დაცვის სამინისტრო _bსაქართველოს ეროვნული მუზეუმი | კორნელი კეკელიძის სახელობის საქართველოს ხელნაწერთა ეროვნული ცენტრი _919702 |
||
| 942 |
_2udc _cBK |
||